|
|
|
|
| LEADER |
01740cas a2200241 a 4500 |
| 001 |
AALejournalIMF012421 |
| 008 |
230101c9999 xx r poo 0 0eng d |
| 020 |
|
|
|c 5.00 USD
|
| 020 |
|
|
|z 9781462318254
|
| 022 |
|
|
|a 2075-8669
|
| 040 |
|
|
|a BD-DhAAL
|c BD-DhAAL
|
| 110 |
2 |
|
|a International Monetary Fund.
|
| 245 |
1 |
0 |
|a Government Cash Management :
|b Its Interaction with Other Financial Policies.
|
| 264 |
|
1 |
|a Washington, D.C. :
|b International Monetary Fund,
|c 2010.
|
| 300 |
|
|
|a 1 online resource (29 pages)
|
| 490 |
1 |
|
|a Technical Notes and Manuals
|
| 500 |
|
|
|a <strong>Off-Campus Access:</strong> No User ID or Password Required
|
| 500 |
|
|
|a <strong>On-Campus Access:</strong> No User ID or Password Required
|
| 506 |
|
|
|a Electronic access restricted to authorized BRAC University faculty, staff and students
|
| 520 |
3 |
|
|a This technical note describes the interaction of government cash management with other financial policies. The note offers guidance on policy, institutional, and practical issues for governments looking to develop a more sophisticated cash management function, specifically to move toward more active cash management. This involves financial market intervention by the government cash manager, with the aim of smoothing the projected short-term profile of the government's net cash balances. The note is particularly relevant to emerging market countries where there are already functioning, if not necessarily well-developed, domestic money and bond markets.
|
| 538 |
|
|
|a Mode of access: Internet
|
| 830 |
|
0 |
|a Technical Notes and Manuals; Technical Notes and Manuals ;
|v No. 2010/013
|
| 856 |
4 |
0 |
|z Full text available on IMF
|u http://elibrary.imf.org/view/journals/005/2010/013/005.2010.issue-013-en.xml
|z IMF e-Library
|